000
00309nam a22001217a 4500
008
160521b xxu||||| |||| 00| 0 eng d
020
_a
9780618606061
020
_a
9780618606061
041
_a
eng
080
_a
579
245
_a
General organic and biological chemistry :
_c
H. Stephen Stoker;
942
_2
udc
_c
BK
999
_c
2332
_d
2332